दिल्ली में उनीदें / (Record no. 114585)

MARC details
000 -LEADER
fixed length control field 01028nam a22002537a 4500
005 - DATE AND TIME OF LATEST TRANSACTION
control field 20170124103010.0
010 ## - LIBRARY OF CONGRESS CONTROL NUMBER
LC control number B-005426
020 ## - INTERNATIONAL STANDARD BOOK NUMBER
International Standard Book Number 817178982
Terms of availability 195.00
035 ## - SYSTEM CONTROL NUMBER
System control number B-005426
037 ## - SOURCE OF ACQUISITION
Source of stock number/acquisition Cen Lib/Ret
040 ## - CATALOGING SOURCE
Original cataloging agency DPL
Language of cataloging HN
082 ## - DEWEY DECIMAL CLASSIFICATION NUMBER
Classification number 808.883
Item number गिलग
100 ## - MAIN ENTRY--PERSONAL NAME
Personal name गिल, गगन
9 (RLIN) 46919
245 ## - TITLE STATEMENT
Title दिल्ली में उनीदें /
Statement of responsibility, etc गगन गिल
246 ## - VARYING FORM OF TITLE
Title proper/short title Dilli me uniden
Remainder of title by Gagan Gil
260 ## - PUBLICATION, DISTRIBUTION, ETC. (IMPRINT)
Place of publication, distribution, etc नई दिल्ली
Name of publisher, distributor, etc राजकमल प्रकाशन
Date of publication, distribution, etc 2000
270 ## - ADDRESS
Address 1-बी नेता जी सुभाष मार्ग दरिया गंज
City नई दिल्ली
Postal code 110002
300 ## - PHYSICAL DESCRIPTION
Extent 218पृष्ठ.
Dimensions 20सेमी(सजिल्द)
650 ## - SUBJECT ADDED ENTRY--TOPICAL TERM
Topical term or geographic name as entry element हिंदी साहित्य
9 (RLIN) 57428
650 ## - SUBJECT ADDED ENTRY--TOPICAL TERM
Topical term or geographic name as entry element हिंदी गध्य विधा
9 (RLIN) 4492
650 ## - SUBJECT ADDED ENTRY--TOPICAL TERM
Topical term or geographic name as entry element hindi literature
9 (RLIN) 57429
650 ## - SUBJECT ADDED ENTRY--TOPICAL TERM
Topical term or geographic name as entry element Hindi Gdhy mode
9 (RLIN) 57430
942 ## - ADDED ENTRY ELEMENTS (KOHA)
Source of classification or shelving scheme Dewey Decimal Classification
Koha item type Hindi Books
Classification part 808.883
Call number suffix गिलग
Holdings
Withdrawn status Lost status Damaged status Not for loan Home library Current library Date acquired Source of acquisition Cost, normal purchase price Total Checkouts Full call number Barcode Date last seen Date checked out Copy number Cost, replacement price Price effective from Koha item type
        Central Library Central Library 18/08/2015 Cen Lib/Ret 195.00 1 808.883 गिलग B-005426 27/07/2023 13/07/2023 1 195.00 18/08/2015 Hindi Books

© Delhi Public Library
Hit Counter
free hit counter